[Event "UNAM Open"]
[Site "?"]
[Date "2012.11.22"]
[Round "3"]
[White "Hambleton, Aman"]
[Black "Macieja, Bartlomiej"]
[Result "1/2-1/2"]
[WhiteElo "2404"]
[BlackElo "2609"]
[Annotator "Aman Hambleton"]
[PlyCount "55"]
[EventDate "2012.11.??"]
[EventType "swiss"]
[EventCountry "MEX"]

{I was paired as White against the top seed in the tournament on board 1. I
had time to look at his games overnight, and came to be board both excited and
prepared.} 1. d4 e6 2. c4 b6 {Not the move I was expecting. I don't think he
has ever played this move before, though it easily transposes to other systems.
} 3. Nc3 Bb4 4. Qc2 {Diagram [#] Already out of theory, I played the position
with the same moves I use against the Nimzo-Indian. I hoped to reach a similar
structure and return to familiar territory.} Bb7 5. a3 Bxc3+ 6. Qxc3 f5 (6...
Nf6 7. Bg5 O-O {would have transposed to a main line of the Nimzo, something I
would have welcomed since my preparation would be useful.}) 7. Nf3 Nf6 {The
structure has been decided for the rest of the game. The struggle revolves
around controlling the e4 square and whether or not Black can use his knights
more actively than my Bishops. In the long run, my Bishops are an advantage.}
8. g3 c5 9. dxc5 bxc5 10. Bg2 O-O {Diagram [#]} 11. O-O {Both players
logically castle their Kings to safety before proceeding in the center.} (11.
b4 {The only way to stop my opponent's idea on the next move is to do this
before castling. Black should obtain a reasonable position though, after} d6
12. O-O Nbd7 13. Rd1 Ne4 14. Qc2 Qc7 15. Bb2 Rab8 $11) 11... a5 $1 (11... Nc6
12. b4 Ne4 13. Qb3 d6 14. Bb2 Qb6 {is solid for Black. The x-ray pressure on
the f2 pawn coupled with the strong Ne4 gives Black the more active position.
Neither of my Bishops are doing anything useful.}) 12. Bf4 a4 {A principled
maneouvre. Black fixes White's queenside pawn majority and aims for ...Nc6-a5,
...Ba6, and eventually to control the b-file. White has to be active in the
centre or face positional inferiority in any endgame.} 13. Rfd1 Qa5 {Diagram 
[#]} 14. Qxa5 (14. Qe3 $1 Rc8 15. Rxd7 $5 Nbxd7 16. Qxe6+ Kh8 17. Ng5 Rf8 18.
Bxb7 Rae8 19. Nf7+ Kg8 20. Nh6+ Kh8 21. Nf7+ Kg8 22. Nh6+ {is an interesting
draw. I didn't think too hard about keeping the Queens on the board but I
probably should have. I was misevaluating the position, giving Black too much
credit for his curious piece placement.}) 14... Rxa5 15. Bc7 {An inferior move,
already headed towards a draw. It's difficult to find an advantage for White,
since Black's structure is so solid, but...} (15. Rd6 {is a better try e.g.}
Ra6 16. Rxa6 Nxa6 17. Rd1 Rc8 18. Bd6 Ne8 19. Ne5 Bxg2 20. Kxg2 $14 {with
advantage to White.}) 15... Ra6 16. Ne5 {The following liquidating sequence is
more or less forced.} Bxg2 17. Kxg2 d5 18. cxd5 exd5 19. Bxb8 Rxb8 20. Nd3 {
Diagram [#] The idea of this move is to target the c5 pawn while constantly
daring it to move forward. If Black were to play ...c4, White's N would move
to b4 where it stops Black's b-file counterplay and also targets another weak
Black pawn on d5.} Rb5 {Black correctly decides to defend the hanging pawn
with his pieces.} ({If for example} 20... c4 {then} 21. Nb4 Rd6 22. Rac1 Rc8
23. Rd4 {is comfortable and pressuring for White, although not winning.}) 21.
Rac1 {Again, tempting the c5 pawn forward.} Rc6 22. Rc2 g5 23. e3 Kf8 24. Ne5
Rcb6 25. Nd3 Rc6 {Diagram [#] The position is difficult to find an advantage
for either side. Also, if I'm not careful the Black King will advance to the
centre and aid in the protection of his pawns. This would free his pieces and
allow him to create pressure. We decided to repeat the position.} 26. Ne5 Rcb6
27. Nd3 Rc6 28. Ne5 {... and a draw was agreed. Macieja was the tournament
leader at the time, and went on to win the tournament with a decisive 8.5/9. I
remained the only player to take any points off him!} 1/2-1/2

[Event "2013 Aurora Fall Open"]
[Site "Aurora"]
[Date "2013.10.19"]
[Round "1.3"]
[White "Perelman, Leon"]
[Black "Plotkin, Victor"]
[Result "0-1"]
[WhiteElo "2142"]
[BlackElo "2393"]
[Annotator "John Upper"]
[PlyCount "62"]
[EventDate "2013.10.??"]
[EventType "swiss"]
[EventRounds "5"]
[EventCountry "CAN"]

1. c4 Nf6 2. Nc3 e6 3. e4 d5 4. e5 d4 5. exf6 dxc3 6. bxc3 Qxf6 7. Nf3 c5 8. d4
cxd4 9. Bg5 Qf5 {Diagram [#]} 10. Bd3 $2 {This gambit looks like it "ought to"
work: White will be fully developed and Black will be more than three tempi
away from connecting his Rs. That would be a fair trade according to old intro
books, but I can't find a convincing way for White to equalize. On its own
that wouldn't be enough to merit a "?", but White has an alternative that
keeps an advantage.} ({White's usual way to play is to try to convert his
development advantage into queenside or central pressure, without sacking a
pawn.} 10. cxd4 Bb4+ 11. Bd2 Qa5 12. Bd3 Nc6 (12... Nd7 13. Rb1 Bxd2+ 14. Qxd2
Qc7 15. O-O O-O 16. Rfc1 $16 {0-1 (44) Cvitan,O (2550)-Zelcic,R (2547) Stari
Mikanovci, 2010.}) 13. Rb1 Bxd2+ 14. Qxd2 Rb8 $5 (14... Qxd2+ 15. Kxd2 $32) 15.
Be4 Bd7 16. Ne5 (16. d5 $146) 16... Qxd2+ 17. Kxd2 Na5 (17... Nxd4 18. Kd3 Nf5
19. Bxf5 exf5 20. Rhe1 Be6 21. Nc6 $1 $16 Rc8 22. Rxb7 Rxc6 23. Rb8+ Kd7 24.
Rxh8 Bxc4+ $16) 18. Rb4 f6 19. Nxd7 Kxd7 20. Rhb1 b6 21. c5 $14 {1/2-1/2 (77)
Reinderman,D (2573)-Naiditsch,A (2687) Wijk aan Zee, 2010.}) 10... Qa5 $15 {
Safetys the Q, wins the Pc3, and keeps an eye on d8.} 11. O-O dxc3 12. Qc2 {
Diagram [#]} h6 (12... Bd7 $5 13. Bxh7 $140 Ba4 14. Qb1 Nd7 15. Qxb7 Rb8 16.
Qe4 Bd6 {/\...Qc7, ...Bc6/...Nc5; Black has returned the P, but completed
development with advantage}) 13. Bf4 Nc6 14. Rfb1 ({Straightforward attempts
to win back the Pc3 don't work:} 14. Rfc1 Ba3) (14. a3 g5 15. Be3 Bg7) 14... a6
15. Be4 Ba3 16. Bxc6+ $1 bxc6 {Diagram [#]} 17. Qe4 $2 (17. Be5 $1 $132 Bb2
$140 $6 (17... O-O 18. Bxc3 Qf5 (18... Qc7 19. Bxg7) 19. Qa4 $11) 18. Bxg7 Rg8
19. Qh7 $1 Rxg7 $8 20. Qxg7 Qa3 (20... Bxa1 $2 21. Ne5 $18 {Black has to give
up the Q to avoid mate.}) 21. c5 (21. Ne5 $5) 21... Qxc5 22. Rxb2 $16 {Black
has too many loose pawns to hold them all.}) 17... O-O $1 18. Qxc6 $6 (18. Rb3
Bb2 19. Re1 Qxa2 20. Qc2 {(/\Rxc3)} e5 $1 (20... Qa5 $17) 21. Nxe5 Bf5 22. Rxb2
cxb2 23. Qxf5 a5 {I thought White had comp here, but Houdini shows that it's
not enough: e.g.} 24. Bxh6 Qa1 $8 $19) 18... Ra7 $17 19. Rb8 Bd7 20. Rxf8+ Bxf8
21. Qe4 Ba4 $19 22. Ne5 c2 {Diagram [#]Black's pieces are all on the edge of
the board, which is usually a bad thing... but one of them is the (extra) Pc2.}
23. Qe3 Rb7 24. Rc1 Rb1 25. g4 g5 26. Bg3 Bc5 $1 27. Qf3 Rxc1+ 28. Kg2 Qc7 29.
Nd3 Bc6 $1 30. Bxc7 Bxf3+ 31. Kxf3 Rd1 0-1

[Event "2013 Aurora Fall Open"]
[Site "Aurora"]
[Date "2013.10.19"]
[Round "2.1"]
[White "Noritsyn, Nikolay"]
[Black "Nicholson, Matthew"]
[Result "1-0"]
[WhiteElo "2625"]
[BlackElo "2286"]
[Annotator "John Upper"]
[PlyCount "85"]
[EventDate "2013.10.??"]
[EventType "swiss"]
[EventRounds "5"]
[EventCountry "CAN"]

1. c4 c6 2. e4 d5 3. exd5 cxd5 4. cxd5 Nf6 5. Qa4+ {Diagram [#] The so-called
"Pseudo-Panov": White keeps hold of the Pd5 as long as possible to make it
hard for Black to develop.} Nbd7 (5... Bd7 {is supposed to be bad (as it
definitely would be against 5.Bb5+) because it makes Black's development
awkward after} 6. Qb3 {but Black still seems OK here:} {Even} Qb6 {isn't so
stupid, since after} (6... Na6 7. Nc3 (7. Qxb7 $2 Nc5 8. Qb4 $8 e6 $1 $36) 7...
Nc5 8. Qd1 g6 9. Bc4 Rc8 10. Nge2 Bg7 11. O-O O-O 12. a4 {(1-0, 62) Seirawan,Y
(2585)-Dreev,A (2650) Wijk aan Zee, 1995, when Black should have considered
cycling his Nc5 to d6 when White could keep his extra Pd5, but also has a
second tall pawn on c4.}) ({Black has even continued in gambit-style, e.g.} 
6... Qc7 7. Nc3 e6 8. Nf3 (8. dxe6 Bxe6 $44) 8... Be7 9. d4 (9. Bc4 $1) 9...
O-O 10. Bg5 Nxd5 $1 (10... exd5 $143 11. Bd3 Nc6 12. O-O Bg4 13. Bxf6 Bxf6 14.
Nxd5 $14 {1/2-1/2 (29) Strzemiecki,Z (2429)-Volovikov,A (2305) Lvov, 2013.})
11. Nxd5 $140 exd5 12. Bxe7 Re8 $36) 7. Qxb6 axb6 {Black can get the pawn back
with ...Na6-b4 and keep a development advantage.}) 6. Nc3 g6 7. Bc4 Bg7 8. d3
O-O 9. Nf3 a6 {Diagram [#]} 10. Qa3 (10. O-O $4 b5 11. Bxb5 Nb6 $19 {defends
the Ra8 with tempo.}) 10... Nb6 (10... b6 11. O-O Bb7 12. Re1 Re8 13. Ng5 {
This is in Houska's book "Play the Caro-Kann"} Rc8 {Houska} 14. Be3 (14. d6 e6
$15 {1/2-1/2 (35) Socko,B (2637)-Laznicka,V (2598) Ostrava, 2009.}) 14... Ne5
15. Rad1 h6 $5 {Houska's line} 16. Nge4 Nxe4 17. Nxe4 Nxc4 18. dxc4 Rxc4 19.
Qd3 $2 {Falling for a cheap trick.} Qxd5 $1 20. Qxd5 Bxd5 21. Rxd5 Rxe4 $17 {
Houska} 22. b3 Rc8 {1/2-1/2 (49) Rasmussen,K (2449)-Aagaard,J (2447) Aalborg,
2006.}) (10... Rb8 $2 11. Bf4 $14) 11. Qb3 Bg4 (11... Nxc4 12. dxc4 e6 (12...
b5 $5 {see: Schandorff's 2008 book "Playing the Caro-Kann"}) 13. O-O b5 14.
cxb5 Nxd5 15. Nxd5 exd5 16. Rd1 axb5 17. Be3 $11 Bg4 18. Bd4 Qc7 19. Rac1 Qf4
20. Bxg7 $11 (20. Rc3 $11) 20... Kxg7 21. a3 (21. Qxd5 $11) 21... Rac8 22. Rxc8
Rxc8 23. Qxb5 d4 24. h3 Bxf3 25. gxf3 $11 {0-1 (25) Marinkovic,M (2220)
-Gerzhoy,L (2618) Toronto, 2010.}) 12. Ne5 (12. Ng5 h6 13. Nge4 Nxe4 14. Nxe4
Rc8 15. h3 Bf5 16. Ng3 Bd7 $15 {1/2-1/2 (22) Jansa,V (2521)-Meduna,E (2460)
Czechia, 2006.}) 12... Bf5 (12... Qc7 13. O-O (13. Nxf7 $2 Nxc4 $19 14. Nh6+
Bxh6 15. Bxh6 Qe5+ $8 $19) 13... Nxc4 14. Nxc4 Bf5 15. Ne3 Bxd3 16. Rd1 Bb5 17.
Nxb5 axb5 18. Qxb5 $14) 13. O-O Qd6 14. Re1 Rad8 15. Bg5 {Diagram [#]} Rfe8 $6
(15... Nfxd5 $142 $11 16. Nxd5 Nxd5 17. Bxe7 $6 (17. Bxd5 $2 Qxd5 18. Qxd5 Rxd5
$17 {Xe5 Xd3}) 17... Nxe7 (17... Qxe7 18. Bxd5 Bxe5 19. d4 $8 Bxh2+ 20. Kxh2
Qd6+ 21. Re5 Kg7 22. Qxb7 Rd7 23. Qc6 Qxc6 24. Bxc6 Rxd4 {and the better
player can still win.}) 18. Nxf7 Rxf7 19. Bxf7+ Kf8 $15) 16. Bh4 Nfxd5 (16...
Nfd7 17. Nxd7 Rxd7 18. Bg3 Qc5 19. Rac1 $14 (19. d6 $140 e5 $1)) 17. Nxd5 Nxd5
{Diagram [#]Critical Position  What happens on 18.Bg3 b5?} 18. Bg3 $1 b5 (18...
Qc5 $142) 19. Nxf7 $8 $18 bxc4 20. dxc4 Qb4 21. Nxd8 $8 $18 Qxb3 22. axb3 Nb4
23. Nb7 (23. Ne6 $1 Nc2 24. Nxg7 Kxg7 25. f3 $18) 23... Nc2 24. Nd6 Rf8 25.
Nxf5 gxf5 26. Kf1 f4 27. Bh4 Rb8 28. Rxa6 Nxe1 29. Kxe1 {Diagram [#]} Bxb2 ({
Taking on b2 with the R gives Black a few more tactical resources, but Black
is still lost:} 29... Rxb3 30. Bxe7 Rxb2 31. c5 Bc3+ 32. Kd1 Kf7 (32... Rd2+
33. Kc1 Rxf2 34. Bd6) 33. Bd6 Rxf2 34. c6 Rd2+ 35. Kc1 Rxd6 36. c7 Rxa6 37.
c8=Q Ra1+ 38. Kc2 Bf6 39. Qc4+ {(there's probably a "cleaner" way to win this
for White).}) 30. c5 Rxb3 31. Rb6 Bc3+ 32. Ke2 Ra3 33. c6 Be5 34. Bxe7 Rc3 35.
Rb5 {Diagram [#]} f3+ 36. gxf3 Bxh2 37. Rc5 Rxc5 38. Bxc5 Kf7 39. Ke3 Bc7 40.
f4 h5 41. Bd4 Ke7 42. Be5 Bd6 43. Kf3 1-0

[Event "2013 Aurora Fall Open"]
[Site "Aurora"]
[Date "2013.10.20"]
[Round "4.1"]
[White "Plotkin, Victor"]
[Black "Preotu, Razvan"]
[Result "1-0"]
[WhiteElo "2393"]
[BlackElo "2478"]
[Annotator "John Upper"]
[PlyCount "121"]
[EventDate "2013.10.??"]
[EventType "swiss"]
[EventRounds "5"]
[EventCountry "CAN"]

1. e4 c5 2. c3 Nf6 3. e5 Nd5 4. d4 cxd4 5. Nf3 Nc6 6. Bc4 {Diagram [#]} e6 ({
White has a lot of experience with the main line:} 6... Nb6 7. Bb3 d5 8. exd6
Qxd6 {Diagram [#]} 9. O-O (9. Nxd4 Nxd4 (9... e5 10. Nxc6 Qxd1+ 11. Bxd1 bxc6
$11 {1/2-1/2 (40) Plotkin,V (2399)-Song,M (2217) Toronto, 2012.}) 10. cxd4 g6 (
10... e6 11. Nc3 Bd7 12. O-O Bc6 13. Bg5 Be7 14. Bxe7 Kxe7 15. Qg4 Rhd8 16.
Qh4+ Kf8 17. Qxh7 Qxd4 $11 {1-0 (37) Plotkin,V (2424)-Qin,Z (2329) Ottawa,
2010.}) 11. Qf3 Be6 12. Qxb7 Bg7 13. O-O Bxd4 14. Nc3 Bd7 15. Qf3 $14 (15. Rd1
$1 Bc6 $140 16. Ne4 $1 Bxf2+ 17. Kxf2 Bxb7 18. Nxd6+ exd6 19. Rxd6 $16) 15...
Qf6 16. Qxf6 Bxf6 17. Be3 Bc6 18. Rfd1 O-O $11 {0-1 (59) Plotkin,V (2215)
-Nakamura,H (2701) Toronto, 2009.}) 9... Be6 $1 (9... g6 10. Ng5 Nd8 11. Qf3
Qf6 12. Qxf6 exf6 13. Ne4 Be7 14. Re1 Be6 15. cxd4 $14 {1/2-1/2 (47) Gerzhoy,L
(2469)-Corrales Jimenez,F (2604) Wheeling, 2013.}) 10. Na3 $5 (10. Bxe6 Qxe6
11. Nxd4 Qd7 (11... Nxd4 12. Qxd4 Rd8 13. Qf4 g6 14. Na3 Bg7 15. Qc7 Qd5 16.
Be3 Be5 17. Qc5 Qxc5 18. Bxc5 Na4 19. Bxa7 Nxb2 $15 {0-1 (43) O'Donnell,T 
(2514)-Tukmakov,V (2590) Edmonton, 1989.}) 12. Be3 e6 13. Nd2 Nd5 14. Nc4 Be7
15. Nxc6 Qxc6 16. Qe2 Nxe3 {1/2-1/2 Rozentalis,E (2588)-Lesiege,A (2564)
Montreal, 2001.}) 10... Bxb3 11. Qxb3 Qd7 (11... dxc3 $2 12. Nb5 Qb8 13. Ng5 e6
14. Nxe6 $18) 12. Bf4 e6 $13 {0-1 (35) Herbold,M (2091)-Hansen,E (2577)
Ortisei, 2013.}) 7. cxd4 d6 8. O-O Be7 {Diagram [#]} 9. Nbd2 {Plotkin - "As
usual, pretty bad opening for me, even in a well-known line. I should capture
on d6 myself to avoid playing with a  weak e5 pawn."} (9. Qe2 O-O 10. Nc3 $14)
(9. exd6 Qxd6 10. Nc3 Nxc3 $5 $14 11. bxc3 b6 12. Ng5 $1 Bb7 13. Qg4 (13. Re1
$1 $14) (13. d5 $5 $36) 13... h5 $1 14. Qf3 Bxg5 15. Bxg5 Na5 16. Bb5+ Kf8 17.
Bf4 $1 (17. Qe2 $2 Bxg2 $1 $17) 17... Qd5 18. Qxd5 Bxd5 19. Rfc1 Bc4 $11 {0-1 
(35) Plotkin,V (2409)-So,W (2667) Hamilton, 2011.}) 9... dxe5 10. dxe5 O-O (
10... Nb6 $6 11. Bb3 Qc7 12. Qe2 Bd7 13. Ne4 a5 (13... Nxe5 $6 14. Bf4 Nxf3+
15. Qxf3 Qd8 16. Nd6+ $36 (16. Qg3 $1)) 14. Bf4 a4 15. Nd6+ $16 {1-0 (41)
Plotkin,V (2245)-Sharevich,A (2378) Philadelphia, 2011.}) 11. Qe2 Nf4 $146 (
11... Na5 12. Bxd5 Qxd5 13. Ne4 b6 14. Rd1 Ba6 15. Qe1 Qb5 16. Bd2 Rfd8 17. b4
Nc4 18. a4 Qe8 $15 {0-1 (44) Vlassov,N (2471)-Yagupov,I (2491) Kotov Memorial,
Tula, 2008.}) 12. Qe4 Ng6 13. Bd3 Qd5 $1 {A really good move: Black take on an
IQP but his pieces are so active that White's Pe5 is in mortal danger.} ({It's
almost a shame that Black has an even better move:} 13... Ncxe5 $1 14. Nxe5 f5
15. Qe3 (15. Nc6 $2 fxe4 16. Nxd8 exd3 {the Nd8 is trapped.}) 15... Nxe5 16.
Qxe5 Qxd3 $17) 14. Qxd5 exd5 15. Re1 Re8 $15 16. a3 {Diagram [#]} Bd8 $1 17. b4
$5 {Interesting: White chooses to try to hold the position a pawn down, rather
than against the B-pair.} (17. Bxg6 hxg6 18. b4 g5 19. h3 g4 20. hxg4 Bxg4 21.
Bb2 a6 22. Rac1 Bc7 $15 {Black has the B-pair and pressure on e5.}) 17... Ncxe5
18. Nxe5 (18. Bxg6 $2 Nxf3+ 19. Nxf3 Rxe1+ 20. Nxe1 hxg6 $17) 18... Rxe5 19.
Bb2 Rxe1+ 20. Rxe1 Bd7 $1 (20... Be6 {is automatic, and weaker, since after}
21. Nb3 {Black will probably have to concede the B-pair.}) 21. g3 Bb6 22. Nf3
Nf8 23. Ne5 Re8 24. Rd1 {Diagram [#]} Be6 $6 {All White's pawns are on dark
squares, so it makes sense to use the B to probe some of the light squares.} (
24... Ba4 $1 25. Rc1 f6 26. Nf3 Ne6 27. Re1 Kf7 $15 {(/\...Nd4)} 28. Bxh7 $140
$4 g6 29. Nh4 Nf8 $19) 25. Bb5 Rd8 26. Nd3 Bd7 $6 ({As in the previous note,} 
26... Bg4 $1 {to perpetrate some evil on the light squares.} 27. Rd2 Ne6 28.
Kg2 Ng5 $17 29. Ne5 $140 $2 Bh3+ 30. Kg1 f6 $19) 27. Bxd7 Rxd7 28. Nf4 d4 29.
Kg2 {Diagram [#]Black's still up a P, but the blockade on d3 makes the
position a lot harder to win.} f5 (29... Ne6 30. Nxe6 fxe6 31. f4 $1 $11) 30.
Nd3 Ne6 31. Re1 Rd6 32. a4 a6 33. Ba3 Kf7 34. b5 Rd5 35. bxa6 bxa6 36. Rb1 Bc7
37. Rb7 Kf6 38. Bb4 {Diagram [#]} g5 (38... Bd6 $4 39. Rd7 $18) 39. Ra7 a5 40.
Bd2 h5 41. Ra6 Ke7 42. Ra8 Rd8 (42... g4 43. Ra7 $1 {White keeps Black too
tied down to make progress.}) 43. Ra7 $1 {Wins the Pa5.} Kf6 44. Bxa5 Bxa5 45.
Rxa5 Rc8 46. Kf1 Rc2 47. Ke1 {Diagram [#]} Nc7 {Plotkin - "Razvan offered a
draw. It happens with kids (even with the strongest of them) - to offer draw
after very bad move. Clearly, after this move only White can win because of
very strong a-pawn."} 48. Rc5 Rxc5 49. Nxc5 Ke5 50. Kd2 Kd5 51. Nd7 Ke4 $6 (
51... h4) 52. Nf6+ Kf3 53. Nxh5 Kxf2 {Diagram [#]} 54. h4 $6 (54. Kd3 {seems
to win, but the variations are long and tricky and way beyond OTB skills.} Ne6
(54... Kg2 55. Kxd4 Kxh2 56. Ke5 $8 $18 (56. a5 Kh3 $1 $11)) 55. a5 Kf3 56. Nf6
Nd8 57. a6 Nc6 58. Nd5 g4 59. Kc4 (59. Ne7 $2 Nb4+ 60. Kxd4 Nxa6 61. Nxf5 Kg2
$11) 59... Ke4 (59... Kg2 60. Kb5 Na7+ 61. Kb6 Nc8+ 62. Kc7 Na7 63. Kb8 Nb5 64.
Nc7 $1 $18) 60. Nf4 Ke5 61. Kc5 {Diagram [#] The point of this K excursion
isn't to win the N for the a-pawn (at best, that would only draw), but to
force Black's N to blockade the Pa6 from the less effective c8 square, and
then bring the K back to win the Pd4.} Na7 62. Kb6 $18 (62. Kc4 $2 Nc6 $8 $11)
62... Nc8+ 63. Kb7 Nd6+ 64. Kc6 Nc8 {(the next moves won't make any sense
until you compare this position to the one after move 70)} 65. Kc7 Nd6 66. Kd7
Nb5 67. Kc6 Na7+ 68. Kb7 Nb5 69. Kb6 Nd6 70. Kc5 {Diagram [#]} Nc8 {Now it's
White's move and the K can come to c4, preventing the Pd4 from advancing and
freeing the Nf4 to win it.} (70... Ne4+ 71. Kc6 $18) 71. Kc4 Ke4 (71... Na7 72.
Ne2 $18) 72. Ne6 d3 73. Nc5+ Kf3 (73... Ke5 74. Nxd3+ $18) 74. Kxd3 Kg2 75. Ke3
Kxh2 76. Kf4 $8 $18 (76. Kf2 $2 f4 77. Ne4 $8 $11)) 54... gxh4 $2 (54... g4
$142 55. a5 (55. Ng7 $4 f4 $19 {Black's g-pawn promotes.}) (55. Nf4 $4 Kxg3 56.
h5 Kxf4 57. h6 g3 $19 {ditto.}) 55... Na6 $8 (55... Kf3 $2 56. Ke1 $3 $18 Na6 (
56... d3 57. Kd2 Ke4 58. Nf4 Kd4 59. h5 $18) (56... f4 $140 57. Nxf4 Kxg3 58.
h5 $18)) 56. Kd3 Nb4+ 57. Kxd4 Nc6+ 58. Kd5 Nxa5 59. Ke5 Kf3 60. Kxf5 Nc4 $1
61. Nf6 Ne3+ 62. Kg5 Kxg3 63. h5 Kf3 $1 $11) 55. gxh4 {Diagram [#]} Nd5 $2 (
55... Kf3 $1 $11 56. Nf6 (56. Ng7 Kg4 $1 57. h5 (57. Nxf5 Kxf5 58. Kd3 Kg4 59.
Kxd4 Kxh4 $11 60. Kc5 Kg4 61. Kb6 Nd5+ 62. Kc6 Nb4+ 63. Kb5 Kf5 (63... Nd5 $11)
64. Kxb4 Ke6 $11 {Black's K gets to c8.}) 57... Kg5 58. h6 Kxh6 59. Nxf5+ Kg5
60. Nxd4 $11) 56... Kf4 57. a5 Na6 58. Kd3 Nb8 $8 $11 (58... Nb4+ 59. Kc4 $1
Nc6 (59... d3 60. Kxb4 d2 61. Nd5+ $18) 60. a6 $18) 59. Kc4 Ke5 60. Ng8 f4 $11)
56. a5 ({Black's K can't catch either of the pawns, and Ns can never cope with
two rook pawns, so:} 56. Nf4 $1 {gaining a tempo while clearing the route for
the h-pawn is a spectacular way to win.}) 56... Kf3 57. a6 Nc7 58. Nf6 $1 {
Diagram [#] Now it's like an endgame study: the N and Black's Pf5 prevent his
K from stopping White's h-pawn.  Plotkin - " I am pretty happy I calculated
line with 58. Nf6 (spent almost all my time with this possible pawn ending)."}
Kf4 (58... Nxa6 59. h5 Nc5 60. h6 Ne4+ 61. Nxe4 fxe4 62. h7 e3+ 63. Ke1 $8 $18)
59. a7 Ke5 60. Ne8 $1 Na8 61. h5 (61. h5 Ke6 62. h6 Kf7 63. h7 {and the K
can't get any closer.}) 1-0